000 00332nam a22001457a 4500
008 230718b ||||| |||| 00| 0 eng d
020 _a978013458306
041 _aeng
080 _25 EDITION
_a311
082 _a311SUL
100 _a25.2
101 _aSTSC
245 _aFUNDAMENTALS OF STATISTICS
_cSULLIVAN M
942 _2udc
_cBK
999 _c60156
_d60156